[Event "Chess24 Banter Blitz Cup"]
[Site "chess24.com INT"]
[Date "2019.12.15"]
[Round "2.7"]
[White "Carlsen, M."]
[Black "Cuenca Jimenez, J."]
[Result "1-0"]
[WhiteElo "2876"]
[BlackElo "2523"]
[PlyCount "133"]
[EventDate "2019.09.25"]
[EventType "k.o. (blitz)"]
[EventRounds "7"]
[SourceTitle "The Week in Chess 1310"]
[Source "Mark Crowther"]
[SourceDate "2019.12.16"]
[SourceVersion "1"]
[SourceVersionDate "2019.12.16"]
[SourceQuality "2"]

1. c4 e6 2. Nc3 d5 3. d4 Nf6 4. cxd5 exd5 5. Bg5 Be7 6. e3 c6 7. Bd3 Nbd7 8.
Nge2 Nf8 9. O-O Ne6 10. Bh4 O-O 11. f3 b6 12. Kh1 Bb7 13. Qd2 g6 14. Rad1 Rc8
15. Bb1 Nh5 16. Bxe7 Qxe7 17. e4 Nhg7 18. a3 f5 19. exd5 cxd5 20. Ba2 Qd6 21.
Rfe1 a6 22. Nc1 Rfe8 23. Re5 Nc7 24. Nd3 Nge6 25. Nb4 Kg7 26. Nbxd5 Nxd5 27.
Bxd5 Bxd5 28. Rxd5 Qc7 29. Re5 Nf8 30. Rxe8 Rxe8 31. d5 Qe5 32. d6 Nd7 33. h3
Re6 34. f4 Qe3 35. Qxe3 Rxe3 36. Nd5 Re2 37. b4 Kf7 38. Nxb6 Nxb6 39. d7 Nxd7
40. Rxd7+ Kf6 41. Rd6+ Re6 42. Rd5 Rc6 43. Kh2 h6 44. Ra5 g5 45. Kg3 Kg6 46.
Kf3 Rc3+ 47. Kf2 Rc2+ 48. Kg3 Rc3+ 49. Kh2 Rc6 50. Rc5 Rd6 51. Rc4 Kh5 52. a4
Rd3 53. Rc5 Rb3 54. b5 axb5 55. Rxb5 Ra3 56. a5 Kg6 57. Rb6+ Kh5 58. Rb5 Kg6
59. fxg5 hxg5 60. Rb6+ Kh5 61. Ra6 f4 62. Ra8 Ra2 63. a6 f3 64. Kg1 fxg2 65. a7
Kh4 66. Rh8+ Kg3 67. a8=Q 1-0

[Event "Chess24 Banter Blitz Cup"]
[Site "chess24.com INT"]
[Date "2019.12.15"]
[Round "2.8"]
[White "Cuenca Jimenez, J."]
[Black "Carlsen, M."]
[Result "1/2-1/2"]
[WhiteElo "2523"]
[BlackElo "2876"]
[PlyCount "157"]
[EventDate "2019.09.25"]
[EventType "k.o. (blitz)"]
[EventRounds "7"]
[SourceTitle "The Week in Chess 1310"]
[Source "Mark Crowther"]
[SourceDate "2019.12.16"]
[SourceVersion "1"]
[SourceVersionDate "2019.12.16"]
[SourceQuality "2"]

1. Nf3 d5 2. d4 Bf5 3. e3 e6 4. c4 c6 5. Nc3 Nd7 6. Bd3 Bxd3 7. Qxd3 f5 8. O-O
Bd6 9. b3 Ngf6 10. cxd5 cxd5 11. Nb5 Bb8 12. Ba3 Ne4 13. g3 a6 14. Nc3 g5 15.
Nd2 h5 16. f3 Nxc3 17. Qxc3 Nf6 18. e4 dxe4 19. fxe4 Ba7 20. Bc5 b6 21. Ba3 Rc8
22. Qe3 Ng4 23. Qd3 b5 24. Nf3 Ne5 25. Nxe5 Bxd4+ 26. Kh1 Bxe5 27. Rad1 Qxd3
28. Rxd3 f4 29. Bc1 fxg3 30. hxg3 h4 31. g4 Rg8 32. Be3 Rc2 33. Rd2 Rc3 34. Re2
Ke7 35. Kg2 h3+ 36. Kxh3 Bf4 37. Rf3 Rh8+ 38. Kg2 Rh2+ 39. Kf1 Rxe2 40. Kxe2
Bxe3 41. Rxe3 Rc2+ 42. Kd3 Rxa2 43. Kd4 Rg2 44. Ke5 Rc2 45. Rh3 Rc5+ 46. Kd4
Kd6 47. Rh8 e5+ 48. Kd3 b4 49. Rd8+ Kc7 50. Re8 Rc3+ 51. Kd2 Kd6 52. Rd8+ Ke7
53. Rd5 Ke6 54. Ra5 Rxb3 55. Rxa6+ Kd7 56. Ra5 Kd6 57. Ra6+ Kc5 58. Ra5+ Kd4
59. Kc2 Rc3+ 60. Kb2 Kxe4 61. Ra7 Rg3 62. Rg7 Rxg4 63. Kb3 Rg2 64. Kxb4 g4 65.
Rf7 g3 66. Rg7 Kf3 67. Kc3 Re2 68. Kd3 e4+ 69. Kd4 g2 70. Kd5 Kf2 71. Rf7+ Ke1
72. Ke5 g1=Q 73. Rf6 Qh2+ 74. Ke6 Qh5 75. Rf7 Rf2 76. Ke7 Rxf7+ 77. Ke8 Qf5 78.
Kd8 Rd7+ 79. Kc8 1/2-1/2

[Event "Chess24 Banter Blitz Cup"]
[Site "chess24.com INT"]
[Date "2019.12.15"]
[Round "2.9"]
[White "Carlsen, M."]
[Black "Cuenca Jimenez, J."]
[Result "1-0"]
[WhiteElo "2876"]
[BlackElo "2523"]
[PlyCount "111"]
[EventDate "2019.09.25"]
[EventType "k.o. (blitz)"]
[EventRounds "7"]
[SourceTitle "The Week in Chess 1310"]
[Source "Mark Crowther"]
[SourceDate "2019.12.16"]
[SourceVersion "1"]
[SourceVersionDate "2019.12.16"]
[SourceQuality "2"]

1. d4 d5 2. Bf4 Nf6 3. e3 e6 4. Nf3 c5 5. c3 Nc6 6. Nbd2 Bd6 7. Bg3 O-O 8. Bb5
Be7 9. Ne5 Qb6 10. Qa4 Nxe5 11. dxe5 Nh5 12. Rb1 Qc7 13. Bd3 g6 14. Nf3 a6 15.
Qg4 b5 16. Bh4 Rb8 17. O-O c4 18. Bc2 b4 19. Bxe7 Qxe7 20. Nd4 Bd7 21. Qe2 f6
22. exf6 Qxf6 23. Qd2 a5 24. f4 Ng7 25. Nf3 Rfd8 26. Ne5 Be8 27. g4 Qe7 28. Kg2
Rb6 29. Qd4 Rdb8 30. cxb4 axb4 31. b3 c3 32. a3 bxa3 33. Ra1 Qb4 34. Qxb4 Rxb4
35. Rxa3 d4 36. Nd3 Bc6+ 37. Kg3 R4b6 38. exd4 Rd8 39. Ne5 Rxd4 40. Rd1 Rxd1
41. Bxd1 Be8 42. Ra8 Rd6 43. Bf3 Kf8 44. Rc8 h5 45. h3 hxg4 46. hxg4 Rd4 47.
Rxc3 Ke7 48. Rc7+ Kf8 49. Rb7 Rd2 50. Kh4 Rf2 51. Kg5 Rh2 52. Kf6 Nh5+ 53. gxh5
gxh5 54. Kxe6 h4 55. Kf6 Rf2 56. Rh7 1-0

[Event "Bionext Chihuahua Open"]
[Site "Chihuahua City MEX"]
[Date "2019.11.30"]
[Round "4.3"]
[White "Cuenca Jimenez, J."]
[Black "Rose, F."]
[Result "1-0"]
[WhiteElo "2523"]
[BlackElo "2059"]
[PlyCount "73"]
[EventDate "2019.11.28"]
[EventType "swiss"]
[EventRounds "7"]
[EventCountry "MEX"]
[SourceTitle "The Week in Chess 1308"]
[Source "Mark Crowther"]
[SourceDate "2019.12.02"]
[SourceVersion "1"]
[SourceVersionDate "2019.12.02"]
[SourceQuality "2"]

1. e4 e5 2. Nf3 Nc6 3. Bb5 a6 4. Ba4 Nf6 5. O-O Be7 6. d3 b5 7. Bb3 d6 8. a3
Na5 9. Ba2 c5 10. Nc3 Be6 11. Nh4 Nxe4 12. Nxe4 Bxh4 13. Bxe6 fxe6 14. Nxd6+
Qxd6 15. Qh5+ g6 16. Qxh4 O-O 17. Bh6 Rf5 18. Qe4 Qd5 19. b4 cxb4 20. axb4 Nc6
21. c3 Rf7 22. Qe2 Rd7 23. Rfd1 Qb3 24. h4 Rad8 25. Qe4 Rd5 26. Qf3 R5d6 27. h5
Ne7 28. Bg5 Rf8 29. Qe4 Nf5 30. Qxe5 gxh5 31. Be7 Rd5 32. Qxe6+ Rf7 33. Rdb1
Qxc3 34. Qxd5 Nxe7 35. Qe4 Qd2 36. Rf1 Qh6 37. Qa8+ 1-0

[Event "Bionext Chihuahua Open"]
[Site "Chihuahua City MEX"]
[Date "2019.11.30"]
[Round "5.2"]
[White "Castillo Coca, M."]
[Black "Cuenca Jimenez, J."]
[Result "0-1"]
[WhiteElo "2134"]
[BlackElo "2523"]
[PlyCount "142"]
[EventDate "2019.11.28"]
[EventType "swiss"]
[EventRounds "7"]
[EventCountry "MEX"]
[SourceTitle "The Week in Chess 1308"]
[Source "Mark Crowther"]
[SourceDate "2019.12.02"]
[SourceVersion "1"]
[SourceVersionDate "2019.12.02"]
[SourceQuality "2"]

1. d4 d5 2. Nf3 Nf6 3. Bf4 e6 4. e3 c5 5. c3 Nc6 6. Nbd2 Bd6 7. Bg3 O-O 8. Ne5
Ne7 9. Bd3 b6 10. f4 Bb7 11. Qf3 Nf5 12. Bf2 Be7 13. Qh3 Ne4 14. Rd1 f6 15.
Nef3 Qc8 16. Bb1 c4 17. O-O b5 18. g4 Nfd6 19. a3 a5 20. Bg3 Ra6 21. f5 exf5
22. gxf5 Nxf5 23. Bf2 Nfd6 24. Qg2 Rb6 25. Be1 Nf5 26. Qe2 Re8 27. Nxe4 dxe4
28. Nd2 Nd6 29. Bg3 Bd5 30. Qh5 Qe6 31. Kh1 g6 32. Qe2 b4 33. axb4 axb4 34. Rf4
bxc3 35. bxc3 Rb2 36. Qe1 f5 37. Kg1 Nb5 38. Nf1 Ra8 39. Rf2 Rxf2 40. Kxf2 Ra3
41. Rc1 Rxc3 42. Rxc3 Bb4 43. Bc2 Nxc3 44. Qa1 Qb6 45. Be5 Qa5 46. Qxa5 Bxa5
47. Ng3 Nb5 48. Ba4 Nc3 49. Bc2 Bb4 50. h4 Nb5 51. Ne2 Na3 52. Ba4 c3 53. Nf4
Bf7 54. d5 c2 55. Bb2 Nc4 56. Bc1 Ba3 57. Ne2 Bxc1 58. Nxc1 Na3 59. d6 Kf8 60.
Kg3 Nc4 61. d7 Ke7 62. Kf4 Nb6 63. Bxc2 Nd5+ 64. Kg5 Nxe3 65. Ba4 Be6 66. Kf4
Ng2+ 67. Kg3 Ne1 68. Kf4 Nd3+ 69. Nxd3 exd3 70. Ke3 Bxd7 71. Bd1 Bb5 0-1

[Event "Bionext Chihuahua Open"]
[Site "Chihuahua City MEX"]
[Date "2019.12.01"]
[Round "6.1"]
[White "Cuenca Jimenez, J."]
[Black "Ortiz Suarez, I."]
[Result "0-1"]
[WhiteElo "2523"]
[BlackElo "2549"]
[PlyCount "92"]
[EventDate "2019.11.28"]
[EventType "swiss"]
[EventRounds "7"]
[EventCountry "MEX"]
[SourceTitle "The Week in Chess 1308"]
[Source "Mark Crowther"]
[SourceDate "2019.12.02"]
[SourceVersion "1"]
[SourceVersionDate "2019.12.02"]
[SourceQuality "2"]

1. e4 c5 2. Nc3 d6 3. d4 cxd4 4. Qxd4 Nc6 5. Qd2 e6 6. b3 Nf6 7. Bb2 a6 8.
O-O-O b5 9. f3 Be7 10. Kb1 Bb7 11. g4 O-O 12. h4 Nd7 13. g5 Nb6 14. Bd3 Rc8 15.
f4 d5 16. Nf3 Qc7 17. f5 b4 18. exd5 Ne5 19. Ne4 Nxf3 20. Qg2 Ne5 21. f6 Nxd3
22. fxe7 Nxb2 23. exf8=Q+ Kxf8 24. Kxb2 Nxd5 25. Qf2 Nc3 26. Nxc3 bxc3+ 27. Kb1
Bxh1 28. Rxh1 Qd6 29. Rf1 Rc7 30. Qe3 Qa3 31. Qc1 Qxc1+ 32. Kxc1 Ke7 33. h5 Rc5
34. Rf3 Rxg5 35. Rxc3 Rxh5 36. Rc7+ Kf6 37. b4 g5 38. Rc5 Rh1+ 39. Kd2 g4 40.
Ke2 h5 41. a4 h4 42. b5 axb5 43. axb5 g3 44. Kf3 Rf1+ 45. Kg2 Rf2+ 46. Kg1 h3
0-1

[Event "84th ch-ESP 2019"]
[Site "Marbella ESP"]
[Date "2019.11.20"]
[Round "5.7"]
[White "Calzetta Ruiz, M."]
[Black "Cuenca Jimenez, J."]
[Result "0-1"]
[WhiteElo "2251"]
[BlackElo "2523"]
[PlyCount "88"]
[EventDate "2019.11.16"]
[EventType "swiss"]
[EventRounds "9"]
[EventCountry "ESP"]
[SourceTitle "The Week in Chess 1307"]
[Source "Mark Crowther"]
[SourceDate "2019.11.25"]
[SourceVersion "1"]
[SourceVersionDate "2019.11.25"]
[SourceQuality "2"]

1. e4 e5 2. Nf3 Nc6 3. Bb5 a6 4. Ba4 Nf6 5. d3 b5 6. Bb3 Bc5 7. Nc3 d6 8. Nd5
h6 9. c3 Rb8 10. O-O O-O 11. Re1 Ba7 12. Be3 Bxe3 13. Nxe3 Re8 14. Nh4 Na5 15.
Bc2 Nxe4 16. Nhf5 Nf6 17. b4 Nc6 18. Qf3 d5 19. Qg3 g6 20. Nxh6+ Kg7 21. Nef5+
Kf8 22. Nh4 Nh5 23. Nxf7 Qf6 24. Ng5 Kg7 25. Qe3 Bd7 26. Nhf3 Re7 27. a4 Rbe8
28. axb5 axb5 29. Qc5 Nf4 30. Ra6 Qd6 31. g3 Nh5 32. d4 Qxc5 33. dxc5 Nf6 34.
h4 d4 35. Ne4 Nd5 36. Bd3 dxc3 37. Neg5 Ndxb4 38. Bxb5 Nxa6 39. Bxa6 e4 40. Nh2
Nb4 41. Bc4 c2 42. Rc1 e3 43. fxe3 Rxe3 44. Nhf3 Rc3 0-1

[Event "84th ch-ESP 2019"]
[Site "Marbella ESP"]
[Date "2019.11.21"]
[Round "6.2"]
[White "Cuenca Jimenez, J."]
[Black "Shirov, A."]
[Result "1/2-1/2"]
[WhiteElo "2523"]
[BlackElo "2666"]
[PlyCount "61"]
[EventDate "2019.11.16"]
[EventType "swiss"]
[EventRounds "9"]
[EventCountry "ESP"]
[SourceTitle "The Week in Chess 1307"]
[Source "Mark Crowther"]
[SourceDate "2019.11.25"]
[SourceVersion "1"]
[SourceVersionDate "2019.11.25"]
[SourceQuality "2"]

1. d4 d5 2. c4 c6 3. Nf3 Nf6 4. Nc3 e6 5. Bg5 dxc4 6. e4 b5 7. e5 h6 8. Bh4 g5
9. Nxg5 hxg5 10. Bxg5 Nbd7 11. g3 Bb7 12. Bg2 Qb6 13. exf6 O-O-O 14. O-O c5 15.
d5 b4 16. Na4 Qb5 17. a3 Nb8 18. axb4 cxb4 19. Qg4 Bxd5 20. Rfc1 Nc6 21. Bxd5
Rxd5 22. Rxc4 Rxg5 23. Qd4 Kb8 24. Rxc6 Rxg3+ 25. fxg3 Qxc6 26. Rd1 Qc7 27. b3
Kc8 28. Qe4 Kb8 29. Qd4 Kc8 30. Qe4 Kb8 31. Qd4 1/2-1/2

[Event "84th ch-ESP 2019"]
[Site "Marbella ESP"]
[Date "2019.11.22"]
[Round "7.1"]
[White "Vallejo Pons, F."]
[Black "Cuenca Jimenez, J."]
[Result "0-1"]
[WhiteElo "2694"]
[BlackElo "2523"]
[PlyCount "98"]
[EventDate "2019.11.16"]
[EventType "swiss"]
[EventRounds "9"]
[EventCountry "ESP"]
[SourceTitle "The Week in Chess 1307"]
[Source "Mark Crowther"]
[SourceDate "2019.11.25"]
[SourceVersion "1"]
[SourceVersionDate "2019.11.25"]
[SourceQuality "2"]

1. d4 d5 2. c4 e6 3. Nc3 Nf6 4. cxd5 exd5 5. Bg5 Be7 6. e3 c6 7. Bd3 Nbd7 8. h3
Nf8 9. Qc2 Ne6 10. Bh4 g6 11. O-O-O O-O 12. Nf3 c5 13. dxc5 Nxc5 14. Nd4 Bd7
15. Kb1 Rc8 16. Rc1 Na4 17. Qd2 Nxc3+ 18. Rxc3 Rxc3 19. Qxc3 Ne4 20. Bxe4 Bxh4
21. Bxd5 Bxf2 22. Bxb7 Qg5 23. Rd1 Bxe3 24. g4 Rd8 25. a3 Bxg4 26. hxg4 Qf4 27.
Ka2 Bxd4 28. Qf3 Qxf3 29. Bxf3 Kg7 30. b4 Bb6 31. Bd5 Kf6 32. Rf1+ Kg5 33. Bxf7
Kxg4 34. Rh1 h5 35. Bxg6 h4 36. Bf7 Rd6 37. Kb3 h3 38. a4 Kg3 39. a5 Be3 40.
Kc4 Rd4+ 41. Kc3 Kg2 42. Re1 Bf2 43. Re4 Rxe4 44. Bd5 Be1+ 45. Kd3 Bxb4 46. a6
Kg1 47. Bxe4 h2 48. Kc4 Ba5 49. Kb5 Bb6 0-1

[Event "84th ch-ESP 2019"]
[Site "Marbella ESP"]
[Date "2019.11.23"]
[Round "8.1"]
[White "Anton Guijarro, D."]
[Black "Cuenca Jimenez, J."]
[Result "1/2-1/2"]
[WhiteElo "2686"]
[BlackElo "2523"]
[PlyCount "132"]
[EventDate "2019.11.16"]
[EventType "swiss"]
[EventRounds "9"]
[EventCountry "ESP"]
[SourceTitle "The Week in Chess 1307"]
[Source "Mark Crowther"]
[SourceDate "2019.11.25"]
[SourceVersion "1"]
[SourceVersionDate "2019.11.25"]
[SourceQuality "2"]

1. c4 e6 2. g3 d5 3. Bg2 Nf6 4. Nf3 Be7 5. O-O O-O 6. b3 d4 7. e3 c5 8. Ne5
Nfd7 9. exd4 cxd4 10. Nxd7 Qxd7 11. d3 Nc6 12. Ba3 Bxa3 13. Nxa3 b6 14. f4 Bb7
15. Nc2 Rad8 16. Qd2 Ne7 17. Rae1 Bxg2 18. Qxg2 Rfe8 19. Re4 Nc6 20. b4 Qd6 21.
a3 a5 22. b5 f5 23. Ree1 Ne7 24. Re2 Ng6 25. Rfe1 e5 26. fxe5 Rxe5 27. Qf2 Rxe2
28. Qxe2 Nf8 29. Qe7 Rd7 30. Qe5 g6 31. a4 Kf7 32. c5 Qxc5 33. Qxc5 bxc5 34.
Na3 Re7 35. Rb1 Nd7 36. b6 Re3 37. b7 Rxd3 38. Nc4 Kf6 39. Nxa5 Rc3 40. Nb3 Ke6
41. a5 Nb8 42. Nd2 Kd5 43. Ra1 Kc6 44. a6 Nxa6 45. Rxa6+ Kxb7 46. Rd6 Kc7 47.
Rd5 Kc6 48. Rd8 Rc2 49. Nf3 Kb5 50. Nxd4+ cxd4 51. Rxd4 Kc6 52. Rd8 Ra2 53. h4
Ra7 54. Kg2 Rd7 55. Rg8 Kd6 56. h5 gxh5 57. Rg5 Ke5 58. Rxh5 Kf6 59. Rh4 Kg5
60. Ra4 h5 61. Kf3 Rd3+ 62. Kf2 Rd8 63. Kf3 Re8 64. Rb4 Re4 65. Rb8 Rc4 66.
Rg8+ Kf6 1/2-1/2

[Event "84th ch-ESP 2019"]
[Site "Marbella ESP"]
[Date "2019.11.17"]
[Round "2.9"]
[White "Kolotilina, Liudmila"]
[Black "Cuenca Jimenez, J."]
[Result "0-1"]
[WhiteElo "2242"]
[BlackElo "2523"]
[PlyCount "100"]
[EventDate "2019.11.16"]
[EventType "swiss"]
[EventRounds "9"]
[EventCountry "ESP"]
[SourceTitle "The Week in Chess 1306"]
[Source "Mark Crowther"]
[SourceDate "2019.11.18"]
[SourceVersion "1"]
[SourceVersionDate "2019.11.18"]
[SourceQuality "2"]

1. e4 e5 2. Nf3 Nc6 3. Bb5 a6 4. Ba4 Nf6 5. O-O Nxe4 6. d4 b5 7. Bb3 d5 8. dxe5
Be6 9. Nbd2 Be7 10. c3 O-O 11. Re1 Nc5 12. Bc2 d4 13. Ne4 dxc3 14. bxc3 Qxd1
15. Rxd1 Rad8 16. Be3 Rxd1+ 17. Rxd1 Nxe4 18. Bxe4 Rd8 19. Rxd8+ Nxd8 20. Bb1
Nc6 21. Bf4 h6 22. Kf1 g5 23. Bg3 b4 24. cxb4 Nxb4 25. a3 Bc4+ 26. Kg1 Nd5 27.
Nd2 Bb5 28. Ba2 Nc3 29. Bc4 Bxa3 30. Kf1 Ne4 31. Nxe4 Bxc4+ 32. Ke1 Bb4+ 33.
Kd1 a5 34. e6 Bxe6 35. Bxc7 f5 36. Nd2 a4 37. Be5 Bd5 38. g3 Kf7 39. Ba1 Bc5
40. Ke2 a3 41. f3 Be7 42. Nb1 Bc4+ 43. Kf2 Bc5+ 44. Kg2 Bd3 45. Nd2 Be7 46. Nb3
Ke6 47. Kf2 Kd5 48. Ke3 Bc4 49. Nc1 Bc5+ 50. Kd2 Bd4 0-1

[Event "84th ch-ESP 2019"]
[Site "Marbella ESP"]
[Date "2019.11.18"]
[Round "3.8"]
[White "Cuenca Jimenez, J."]
[Black "Perez Garcia, Alejandro"]
[Result "1-0"]
[WhiteElo "2523"]
[BlackElo "2343"]
[PlyCount "77"]
[EventDate "2019.11.16"]
[EventType "swiss"]
[EventRounds "9"]
[EventCountry "ESP"]
[SourceTitle "The Week in Chess 1306"]
[Source "Mark Crowther"]
[SourceDate "2019.11.18"]
[SourceVersion "1"]
[SourceVersionDate "2019.11.18"]
[SourceQuality "2"]

1. Nf3 d5 2. b3 Bg4 3. Bb2 Nd7 4. g3 Ngf6 5. Bg2 e6 6. O-O Be7 7. d3 O-O 8.
Nbd2 a5 9. a4 c6 10. e4 Bb4 11. h3 Bh5 12. g4 Bg6 13. Nh4 dxe4 14. Nxg6 hxg6
15. dxe4 Nc5 16. e5 Bxd2 17. exf6 gxf6 18. Qf3 Bg5 19. Qc3 Qb6 20. Ba3 Na6 21.
Bxf8 Rxf8 22. Rad1 e5 23. Rd6 Nc5 24. Qc4 Ne6 25. Rxe6 fxe6 26. Qxe6+ Kg7 27.
Rd1 Bh4 28. Rd2 Rf7 29. Bd5 Rc7 30. Qg8+ Kh6 31. Bf7 Rxf7 32. Qxf7 Qb4 33. Qd7
Bg5 34. Rd1 Qf4 35. Qd8 Bh4 36. Qd2 Kg5 37. Kg2 e4 38. Qxa5+ b5 39. Qd2 1-0

[Event "Chess24 Banter Blitz Cup"]
[Site "chess24.com INT"]
[Date "2019.11.09"]
[Round "1.1"]
[White "Cuenca Jimenez, J."]
[Black "Pantsulaia, L."]
[Result "1-0"]
[WhiteElo "2523"]
[BlackElo "2603"]
[PlyCount "107"]
[EventDate "2019.09.25"]
[EventType "k.o. (blitz)"]
[EventRounds "7"]
[SourceTitle "The Week in Chess 1305"]
[Source "Mark Crowther"]
[SourceDate "2019.11.11"]
[SourceVersion "2"]
[SourceVersionDate "2019.11.18"]
[SourceQuality "2"]

1. d4 Nf6 2. c4 c5 3. d5 e6 4. Nc3 exd5 5. cxd5 d6 6. Nf3 g6 7. Bf4 a6 8. h3 b5
9. e3 Bg7 10. Be2 O-O 11. O-O Re8 12. a4 b4 13. Nb1 Nh5 14. Bg5 Qc7 15. Qc2 h6
16. Bh4 Bf5 17. Qb3 g5 18. Nfd2 Nf4 19. exf4 gxh4 20. Bf3 Nd7 21. Nc4 Nb6 22.
Nbd2 Nxc4 23. Nxc4 Bd4 24. Rfe1 Re7 25. Bg4 Bxg4 26. hxg4 Rae8 27. Rxe7 Qxe7
28. Qf3 Qe2 29. Qxe2 Rxe2 30. Rf1 Bxb2 31. Nxd6 b3 32. Nc4 Bd4 33. d6 Kf8 34.
Rb1 b2 35. Kf1 Rc2 36. Nxb2 Rxb2 37. Re1 Rxf2+ 38. Kg1 Re2+ 39. Kf1 Rxe1+ 40.
Kxe1 Ke8 41. Kd2 Kd7 42. Kd3 Kxd6 43. Ke4 Bg7 44. Kf5 c4 45. g5 hxg5 46. Ke4 c3
47. Kd3 c2 48. Kxc2 g4 49. Kd3 h3 50. Ke4 hxg2 51. Kf5 g1=Q 52. Ke4 Qf2 53. Kf5
Qf3 54. Kg5 1-0

[Event "Chess24 Banter Blitz Cup"]
[Site "chess24.com INT"]
[Date "2019.11.09"]
[Round "1.2"]
[White "Pantsulaia, L."]
[Black "Cuenca Jimenez, J."]
[Result "0-1"]
[WhiteElo "2603"]
[BlackElo "2523"]
[PlyCount "106"]
[EventDate "2019.09.25"]
[EventType "k.o. (blitz)"]
[EventRounds "7"]
[SourceTitle "The Week in Chess 1305"]
[Source "Mark Crowther"]
[SourceDate "2019.11.11"]
[SourceVersion "2"]
[SourceVersionDate "2019.11.18"]
[SourceQuality "2"]

1. Nf3 d5 2. g3 e6 3. Bg2 Nf6 4. O-O Be7 5. c4 O-O 6. b3 d4 7. e3 c5 8. exd4
cxd4 9. Re1 Nc6 10. a3 a5 11. Ne5 Nxe5 12. Rxe5 Nd7 13. Re1 Nc5 14. d3 Qb6 15.
Ra2 Qxb3 16. Qxb3 Nxb3 17. Nd2 Nxc1 18. Rxc1 Rb8 19. Rb1 b6 20. Nb3 Bd7 21.
Nxd4 Rfd8 22. Bf1 Bf6 23. Nb5 Bc6 24. Rd2 g6 25. Bg2 Be8 26. h4 Kf8 27. Kf1 h5
28. Ke2 Ke7 29. a4 Bxb5 30. Rxb5 Bd4 31. Rd1 Bc5 32. Rdb1 Rbc8 33. Be4 f5 34.
Bg2 Rd6 35. Bf3 Rcd8 36. R1b3 Kf6 37. Bg2 Rd4 38. Bf3 R8d7 39. Bg2 g5 40. Bf3
g4 41. Bg2 f4 42. Be4 f3+ 43. Ke1 Ke5 44. Rxb6 Bxb6 45. Rb5+ Kf6 46. Rxb6 Rxe4+
47. dxe4 Rd4 48. e5+ Kxe5 49. Rb5+ Ke4 50. Rxh5 Rxc4 51. Kd2 Rxa4 52. Rg5 Ra2+
53. Ke1 Kd3 0-1

[Event "Chess24 Banter Blitz Cup"]
[Site "chess24.com INT"]
[Date "2019.11.09"]
[Round "1.3"]
[White "Cuenca Jimenez, J."]
[Black "Pantsulaia, L."]
[Result "1-0"]
[WhiteElo "2523"]
[BlackElo "2603"]
[PlyCount "113"]
[EventDate "2019.09.25"]
[EventType "k.o. (blitz)"]
[EventRounds "7"]
[SourceTitle "The Week in Chess 1305"]
[Source "Mark Crowther"]
[SourceDate "2019.11.11"]
[SourceVersion "2"]
[SourceVersionDate "2019.11.18"]
[SourceQuality "2"]

1. d4 Nf6 2. c4 c5 3. d5 g6 4. Nc3 Bg7 5. e4 O-O 6. Nge2 e6 7. Ng3 exd5 8. exd5
Re8+ 9. Be2 d6 10. O-O h5 11. Bg5 Nbd7 12. Qd2 a6 13. Rfe1 Nf8 14. Bh6 h4 15.
Nf1 Bd7 16. Bxg7 Kxg7 17. Qf4 Qb6 18. b3 h3 19. g3 N8h7 20. Bd3 Qa5 21. Qd2 Ng5
22. Qxg5 Qxc3 23. Qd2 Qd4 24. Bc2 Qxd2 25. Nxd2 b5 26. f3 Rab8 27. Bd3 bxc4 28.
Bxc4 Bb5 29. Kf2 Nd7 30. Rxe8 Rxe8 31. Ne4 Bxc4 32. bxc4 Ne5 33. Nxd6 Rd8 34.
Ne4 Nxc4 35. Rd1 Nb6 36. d6 c4 37. Rc1 f5 38. Nd2 Rxd6 39. Ke3 Rd3+ 40. Ke2 Ra3
41. Rc2 Nd5 42. Nxc4 Rxa2 43. Rxa2 Nc3+ 44. Kd3 Nxa2 45. Nd6 Nb4+ 46. Kc4 Nc2
47. Kd3 Nb4+ 48. Kc4 Nc6 49. Kc5 Ne7 50. Nc4 Kf6 51. Kd4 Nc6+ 52. Ke3 Ne5 53.
Nd6 g5 54. Ne8+ Ke6 55. Nc7+ Kd6 56. Nxa6 Nc4+ 57. Ke2 1-0

[Event "Chess24 Banter Blitz Cup"]
[Site "chess24.com INT"]
[Date "2019.11.09"]
[Round "1.4"]
[White "Pantsulaia, L."]
[Black "Cuenca Jimenez, J."]
[Result "0-1"]
[WhiteElo "2603"]
[BlackElo "2523"]
[PlyCount "106"]
[EventDate "2019.09.25"]
[EventType "k.o. (blitz)"]
[EventRounds "7"]
[SourceTitle "The Week in Chess 1305"]
[Source "Mark Crowther"]
[SourceDate "2019.11.11"]
[SourceVersion "2"]
[SourceVersionDate "2019.11.18"]
[SourceQuality "2"]

1. c4 e6 2. g3 d5 3. Bg2 Nf6 4. Nf3 Be7 5. O-O O-O 6. Qc2 d4 7. d3 c5 8. e3 Nc6
9. exd4 cxd4 10. a3 a5 11. Bg5 h6 12. Bxf6 Bxf6 13. Nbd2 e5 14. c5 Bf5 15. Rfe1
Re8 16. Nc4 Re7 17. Nd6 Bg6 18. Nd2 Qc7 19. N2c4 Rd8 20. Nb6 Re6 21. Nb5 Qb8
22. Qc4 Be7 23. Bh3 Rf6 24. Nd7 Rxd7 25. Bxd7 e4 26. Bxc6 bxc6 27. Nxd4 Qxb2
28. Ra2 Qb8 29. dxe4 Qe5 30. Rae2 Bxc5 31. Nf5 Bxf5 32. exf5 Qxf5 33. Qc2 Qxc2
34. Rxc2 Bxa3 35. Re8+ Kh7 36. Ra8 Bb4 37. Kg2 c5 38. f4 Rd6 39. Kf3 h5 40. Ke4
Rd4+ 41. Kf3 Rd3+ 42. Ke4 Rd4+ 43. Kf3 Kg6 44. Ra7 Rd3+ 45. Ke4 Rd4+ 46. Kf3
Rd6 47. h3 f5 48. g4 Rd3+ 49. Ke2 Rxh3 50. gxf5+ Kxf5 51. Rxg7 Rh2+ 52. Kd3
Rxc2 53. Kxc2 Kxf4 0-1

[Event "Chess24 Banter Blitz Cup"]
[Site "chess24.com INT"]
[Date "2019.11.09"]
[Round "1.5"]
[White "Cuenca Jimenez, J."]
[Black "Pantsulaia, L."]
[Result "1-0"]
[WhiteElo "2523"]
[BlackElo "2603"]
[PlyCount "103"]
[EventDate "2019.09.25"]
[EventType "k.o. (blitz)"]
[EventRounds "7"]
[SourceTitle "The Week in Chess 1305"]
[Source "Mark Crowther"]
[SourceDate "2019.11.11"]
[SourceVersion "2"]
[SourceVersionDate "2019.11.18"]
[SourceQuality "2"]

1. d4 Nf6 2. c4 c5 3. d5 e6 4. Nc3 exd5 5. cxd5 d6 6. Nf3 g6 7. Bf4 a6 8. a4
Bg7 9. h3 O-O 10. e3 Re8 11. Nd2 Nbd7 12. Be2 Ne5 13. Bh2 g5 14. Bxe5 dxe5 15.
Nc4 e4 16. a5 Bf5 17. Nb6 Rb8 18. Qc2 Nd7 19. Nca4 Ne5 20. Nxc5 Qd6 21. Rd1 Bg6
22. b4 h5 23. h4 g4 24. g3 Nf3+ 25. Kf1 Rbd8 26. Nc4 Qf6 27. d6 Bf8 28. d7 Re7
29. Nb6 Qc6 30. Kg2 Ne5 31. Rd2 Nd3 32. Qc4 Re5 33. Nxd3 exd3+ 34. Qxc6 bxc6
35. Bxd3 Bxb4 36. Rdd1 Bxa5 37. Nc4 Rc5 38. Nxa5 Rxa5 39. Bxg6 fxg6 40. Rd6 Kf7
41. Rhd1 Rd5 42. R1xd5 cxd5 43. Rxd5 a5 44. Rxa5 Rxd7 45. Rg5 Re7 46. Ra5 Kf6
47. Ra4 Re6 48. Rf4+ Kg7 49. Ra4 Rf6 50. Rd4 Rf7 51. Rf4 Kh6 52. Rxf7 1-0

[Event "Chess24 Banter Blitz Cup"]
[Site "chess24.com INT"]
[Date "2019.11.09"]
[Round "1.6"]
[White "Pantsulaia, L."]
[Black "Cuenca Jimenez, J."]
[Result "0-1"]
[WhiteElo "2603"]
[BlackElo "2523"]
[PlyCount "74"]
[EventDate "2019.09.25"]
[EventType "k.o. (blitz)"]
[EventRounds "7"]
[SourceTitle "The Week in Chess 1305"]
[Source "Mark Crowther"]
[SourceDate "2019.11.11"]
[SourceVersion "2"]
[SourceVersionDate "2019.11.18"]
[SourceQuality "2"]

1. g3 d5 2. Bg2 e6 3. Nf3 Nf6 4. O-O Be7 5. c4 O-O 6. d4 dxc4 7. Ne5 c5 8. dxc5
Qc7 9. Nxc4 Qxc5 10. Nba3 Rd8 11. Qb3 Nc6 12. Be3 Nd4 13. Bxd4 Rxd4 14. Rac1
Qb4 15. Qxb4 Bxb4 16. Nb5 Rd8 17. a3 Be7 18. Na5 a6 19. Nc7 Ra7 20. b4 b6 21.
Nc6 Rxc7 22. Nxd8 Bxd8 23. Rxc7 Bxc7 24. Rc1 Ne8 25. Bc6 Nd6 26. Ba4 Bb8 27.
Rc6 Bb7 28. Rc3 b5 29. Bb3 Kf8 30. f3 Ke7 31. Kf2 Ba7+ 32. e3 Kd7 33. Bc2 g6
34. Bd3 Nf5 35. Be4 Bxe4 36. fxe4 Nxe3 37. Rxe3 Kd6 0-1